| Tag |
First Indicator |
Second Indicator |
Subfields |
| LEADER |
00000cgm a2200000 a 4500 |
| 001 |
in00001403813 |
| 005 |
20151020053158.0 |
| 007 |
vf cbaho| |
| 008 |
970221s1996 ohu031 gz vleng d |
| 035 |
|
|
|a (OCoLC)36425292
|
| 035 |
|
|
|9 AHM7288AM
|
| 040 |
|
|
|a MOD
|c MOD
|d KLG
|d TXA
|d UtOrBLW
|
| 049 |
|
|
|a TXAM
|
| 090 |
|
|
|a NB140
|b .M98 1996
|
| 245 |
0 |
0 |
|a Myth, man & metal :
|b bronze sculpture of ancient Greece & Rome /
|c the Institute for Mediterranean Studies ; producer, Sheila Claire Cohen ; script, Carol C. Mattusch.
|
| 246 |
3 |
|
|a Myth, man and metal
|
| 246 |
3 |
0 |
|a Bronze sculpture of ancient Greece & Rome
|
| 264 |
|
1 |
|a Cincinnati, Oh :
|b Institute for Mediterranean Studies,
|c [1996]
|
| 264 |
|
4 |
|c ©1996
|
| 300 |
|
|
|a 1 videocassette (31 min.) :
|b sound, color ;
|c 1/2 in. +
|e glossary.
|
| 336 |
|
|
|a two-dimensional moving image
|b tdi
|2 rdacontent
|
| 337 |
|
|
|a video
|b v
|2 rdamedia
|
| 338 |
|
|
|a videocassette
|b vf
|2 rdacarrier
|
| 490 |
1 |
|
|a Video lecture series ;
|v v. 3
|
| 538 |
|
|
|a VHS.
|
| 508 |
|
|
|a Editor, Michael McAllister ; narrators, Joe Kovacs and Dawn Castagna.
|
| 511 |
0 |
|
|a Lecturer, Carol C. Mattusch.
|
| 505 |
0 |
|
|a The myth of Hephaistos -- Bronze : a preferred medium -- Pandora's legacy -- Puzzles from the past -- Seeing ghosts.
|
| 500 |
|
|
|a Glossary inserted in container.
|
| 520 |
|
|
|a Beginning with tales of Hephaistos, god of metalworking, Professor Mattusch uses myth, archaeology and science to recreate the flourishing industry of bronze casting in ancient Greece and Rome. Provides close-up views of bronze statues on exhibit, scenes of conservation scientists in their laboratory and a glimpse into a modern foundry bring the past to life.
|
| 500 |
|
|
|a Videorecording.
|
| 650 |
|
0 |
|a Bronze sculpture, Greek.
|
| 650 |
|
0 |
|a Bronzes, Greek.
|
| 650 |
|
0 |
|a Bronze sculpture, Classical.
|
| 710 |
2 |
|
|a Institute for Mediterranean Studies (Cincinnati, Ohio)
|
| 830 |
|
0 |
|a Video lecture series (Institute for Mediterranean Studies (Cincinnati, Ohio)) ;
|v v. 3.
|
| 948 |
|
|
|a c:dm
|
| 999 |
|
|
|a MARS
|
| 999 |
f |
f |
|s 57c7a198-e753-3e51-bd95-80c654cac1bf
|i 7f957881-6da6-3375-be48-f5d110392301
|t 0
|
| 952 |
f |
f |
|a Texas A&M University
|b College Station
|c Sterling C. Evans Library
|d Evans: Media and Reserves (Annex 1st floor)
|t 0
|e NB140 .M98 1996
|h Library of Congress classification
|
| 998 |
f |
f |
|a NB140 .M98 1996
|t 0
|l Evans: Media and Reserves (Annex 1st floor)
|